书目信息 |
| 题名: |
中华人民共和国国家赔偿法
|
|
| 作者: | 第八届全国人大常委会第七次会议通过 | |
| 分册: | ||
| 出版信息: | 北京 法律出版社 1994.6 |
|
| 页数: | 17页 | |
| 开本: | 32开 | |
| 丛书名: | ||
| 单 册: | ||
| 中图分类: | D922.11 | |
| 科图分类: | ||
| 主题词: | 法律--中国 | |
| 电子资源: | ||
| ISBN: | 7-5036-1522-2 | |
| 000 | 00713nam0 2200217 45 | |
| 001 | 0006260924 | |
| 005 | 20031219104045.8 | |
| 010 | @a7-5036-1522-2@dCNY2.10 | |
| 100 | @a20000626d1994 km y0chiy0120 ea | |
| 101 | @achi | |
| 105 | @a z 000yy | |
| 200 | 1 | @a中华人民共和国国家赔偿法@f第八届全国人大常委会第七次会议通过@FDi Ba Jie Quan Guo Ren Da Chang Wei Hui Di Qi Ci Hui Yi Tong Guo |
| 210 | @a北京@c法律出版社@d1994.6 | |
| 215 | @a17页@d32开 | |
| 315 | @a1994年5月12日通过,自1995年1月1日起施行 | |
| 605 | @a国家赔偿法@y中华人民共和国 | |
| 606 | 0 | @a法律@y中国 |
| 690 | @aD922.11@v1 | |
| 701 | 0 | @a第八届全国人大常委会第七次会议通过 |
| 801 | @aCN@bTSTC@c20000626 | |
| 905 | @f2@b289264-265@dD922.11@e283 | |
| 中华人民共和国国家赔偿法/第八届全国人大常委会第七次会议通过.-北京:法律出版社,1994.6 |
| 17页;32开 |
| ISBN 7-5036-1522-2:CNY2.10 |
| ● |
| 相关链接 |
|
|
|
|
正题名:中华人民共和国国家赔偿法
索取号:D922.11/283
 
预约/预借
| 序号 | 登录号 | 条形码 | 馆藏地/架位号 | 状态 | 备注 |
| 1 | 0289264 | 002892640 | 第一借阅区/ [索取号:D922.11/283] | 在馆 | |
| 2 | 0289265 | 002892659 | 第一样本阅览室/ [索取号:D922.11/283] | 在馆 |